000 01188 a2200229 4500
005 20190204104213.0
008 190204s2018 ck ||||| |||| 00| 0 spa d
020 _a9789588944883
040 _aCO-BoUCM
_bspa
_cSaul Niño
_dSaul Niño
041 0 _aspa
110 2 _aCentro Nacional de Memoria Histórica
_958167
245 1 0 _aDocumento metodológico sobre la formulación y el desarrollo de procesos de memoria locales con la participación de la comunidad
_baportes desde la experiencia de la Alta Montaña de El Carmen de Bolívar
_cCentro Nacional de Memoria Histórica
260 _bCentro Nacional de Memoria Histórica (CNMH)
_c2018
_aBogotá (Colombia)
300 _a199 páginas
490 0 _aInformes de investigación
650 7 _919279
_aMemoria colectiva
_zEl Carmen de Bolívar (Bolívar, Colombia)
650 7 _921113
_aParticipación ciudadana
_xAspectos sociales
_zEl Carmen de Bolívar (Bolívar, Colombia)
650 7 _921113
_aParticipación ciudadana
_xAspectos sociales
_zMontes de María (Región, Colombia)
650 7 _aConflicto armado
_xAspectos sociales
_936392
942 _cLIBRO
_2DEWEY
_a5
_e1
_h323.042
_mC397d
999 _c311507
_d311507